Trozos de barro (Record no. 10978)

MARC details
000 -CABECERA
campo de control de longitud fija 00917nam a22002537a 4500
001 - NÚMERO DE CONTROL
campo de control BRCA_9356
003 - IDENTIFICADOR DEL NÚMERO DE CONTROL
campo de control FranzMayer
005 - FECHA Y HORA DE LA ÚLTIMA TRANSACCIÓN
campo de control 20230918122355.0
008 - DATOS DE LONGITUD FIJA--INFORMACIÓN GENERAL
campo de control de longitud fija 230828b |||||||| |||| 00| 0 eng d
040 ## - FUENTE DE LA CATALOGACIÓN
Centro catalogador/agencia de origen MFM
Lengua de catalogación esp
Centro/agencia transcriptor MFM
050 #0 - SIGNATURA TOPOGRÁFICA DE LA BIBLIOTECA DEL CONGRESO
Número de clasificación NB1180.M6
Número de documento/Ítem S64
110 1# - ENTRADA PRINCIPAL--NOMBRE DE ENTIDAD CORPORATIVA
Código de función/relación Responsable
Nombre de entidad corporativa o nombre de jurisdicción como elemento de entrada SRE
9 (RLIN) 29322
240 ## - TÍTULO UNIFORME
Título uniforme Trozos de barro
Medio Homenaje a Gorky González
Lenguaje de la obra Español
245 ## - MENCIÓN DE TÍTULO
Título Trozos de barro
Resto del título Homenaje a Gorky González
260 ## - PUBLICACIÓN, DISTRIBUCIÓN, ETC.
Lugar de publicación, distribución, etc. México
Nombre del editor, distribuidor, etc. SRE
300 ## - DESCRIPCIÓN FÍSICA
Extensión 1 v
Otras características físicas Ilustraciones a color
Dimensiones 15 cm
500 ## - NOTA GENERAL
Nota general Anexo 1
500 ## - NOTA GENERAL
Nota general El libro no contiene muchos datos como ISBN, numeración, año de publicación, entre otros.
505 ## - NOTA DE CONTENIDO CON FORMATO
Nota de contenido con formato Texto en: españolDirigido a: artistas y artesanos mexicanos
650 1# - PUNTO DE ACCESO ADICIONAL DE MATERIA--TÉRMINO DE MATERIA
Fuente del encabezamiento o término Escultura
Término de materia o nombre geográfico como elemento de entrada Escultura en materiales especiales
Subdivisión de forma Barro
9 (RLIN) 29323
651 2# - PUNTO DE ACCESO ADICIONAL DE MATERIA--NOMBRE GEOGRÁFICO
Fuente del encabezamiento o término Barro
Nombre geográfico Barro mexicano
Subdivisión de forma Arte de México
9 (RLIN) 29324
700 1# - PUNTO DE ACCESO ADICIONAL--NOMBRE DE PERSONA
Código de función/relación Fot
Nombre de persona Caparroso, Ángela
9 (RLIN) 29325
942 ## - ELEMENTOS DE PUNTO DE ACCESO ADICIONAL (KOHA)
Fuente del sistema de clasificación o colocación Library of Congress Classification
Tipo de ítem Koha Libros
Holdings
Estado de retiro Estado de pérdida Fuente del sistema de clasificación o colocación Estado dañado No para préstamo Código de colección Localización permanente Ubicación/localización actual Fecha de adquisición Total de préstamos Signatura topográfica completa Código de barras Fecha visto por última vez Precio válido a partir de Tipo de ítem Koha
El ejemplar forma parte de la colección y puede ser consultado según las políticas vigentes.   Library of Congress Classification     Fondo Contemporáneo Biblioteca del Museo Franz Mayer (Rogerio Casas-Alatriste) Biblioteca del Museo Franz Mayer (Rogerio Casas-Alatriste) 28/08/2023   NB1180.M6 S64 CONT10116 28/08/2023 28/08/2023 Libros